500 writing prompts for Kids: (Record no. 8521)

MARC details
000 -LEADER
fixed length control field 00728nam a22002297a 4500
001 - CONTROL NUMBER
control field 8521
003 - CONTROL NUMBER IDENTIFIER
control field FISKH
005 - DATE AND TIME OF LATEST TRANSACTION
control field 20250917120903.0
008 - FIXED-LENGTH DATA ELEMENTS--GENERAL INFORMATION
fixed length control field 250917b cb ||||| |||| 00| 0 eng d
020 ## - INTERNATIONAL STANDARD BOOK NUMBER
International Standard Book Number 9781461126140
040 ## - CATALOGING SOURCE
Original cataloging agency FISKH
Language of cataloging eng
Transcribing agency FISKH
Modifying agency FISKH
050 ## - LIBRARY OF CONGRESS CALL NUMBER
Classification number PZ7
082 ## - DEWEY DECIMAL CLASSIFICATION NUMBER
Classification number 808.042
100 ## - MAIN ENTRY--PERSONAL NAME
Personal name Cohen, Bryan
245 ## - TITLE STATEMENT
Title 500 writing prompts for Kids:
Remainder of title First grade through fifth grade /
Statement of responsibility, etc. Bryan Cohen
260 ## - PUBLICATION, DISTRIBUTION, ETC.
Date of publication, distribution, etc. 2011.
300 ## - PHYSICAL DESCRIPTION
Extent 73 pages :
Other physical details color illustrations ;
Dimensions 23 cm
520 ## - SUMMARY, ETC.
Summary, etc. "'500 Writing Prompts for Kids' is a book full of story-starters catered to the elementary school age group." --P. [4] of cover.
650 ## - SUBJECT ADDED ENTRY--TOPICAL TERM
Topical term or geographic name entry element Diversity
Form subdivision Race
General subdivision Writing
942 ## - ADDED ENTRY ELEMENTS (KOHA)
Source of classification or shelving scheme Dewey Decimal Classification
Koha item type Books
Suppress in OPAC No
Holdings
Withdrawn status Lost status Source of classification or shelving scheme Damaged status Not for loan Collection Home library Current library Shelving location Date acquired Total Checkouts Full call number Barcode Date last seen Copy number Price effective from Koha item type
    Dewey Decimal Classification     Reference Footprints International School Library Network Toul Tom Poung Campus Footprints International School Library Network Toul Tom Poung Campus Librarian's Shelf TTP 09/17/2025   COH 808.042 PZ7 2025-4419 09/17/2025 1 09/17/2025 Books